[Event "Titled Tuesday 2021.11.30"]
[Site "chess.com INT"]
[Date "2021.11.30"]
[Round "1"]
[White "Santos Flores, A."]
[Black "Thavandiran, Shiyam"]
[Result "1/2-1/2"]
[WhiteElo "2182"]
[BlackElo "2420"]
[PlyCount "117"]
[EventDate "2021.11.30"]
[EventType "swiss (blitz)"]
[EventRounds "11"]
[EventCountry "NET"]
[Source "Mark Crowther"]
[SourceDate "2021.12.06"]

1. e4 c6 2. d4 d5 3. Nc3 dxe4 4. Nxe4 Nf6 5. Nxf6+ exf6 6. c3 Bd6 7. Bd3 O-O 8.
Ne2 Re8 9. O-O Nd7 10. Ng3 Nf8 11. Qh5 g6 12. Qh6 Ne6 13. Re1 Bf8 14. Qh4 Bg7
15. Bh6 f5 16. Qxd8 Rxd8 17. Bxg7 Kxg7 18. Bc4 b5 19. Bb3 a5 20. a3 Kf6 21. f3
Nf4 22. Rad1 a4 23. Ba2 Ra7 24. Ne2 Nxe2+ 25. Rxe2 c5 26. Red2 Rad7 27. Kf2 Bb7
28. g3 h5 29. Ke3 Re8+ 30. Kf2 cxd4 31. Rxd4 Rde7 32. Rd6+ Kg7 33. Rd7 Re2+ 34.
Kf1 Rxh2 35. Bxf7 Rh1+ 36. Kg2 Rxd1 37. Bxe8+ Rxd7 38. Bxd7 g5 39. Bxf5 Bc6 40.
Be4 Bd7 41. Bd5 Kf6 42. c4 Ke5 43. Bf7 bxc4 44. Bxc4 Bc6 45. Kf2 Kd4 46. Bf7 h4
47. gxh4 gxh4 48. Be6 Kd3 49. Bf5+ Kd2 50. Be6 h3 51. Bxh3 Kc2 52. Be6 Kxb2 53.
Ke3 Kxa3 54. f4 Kb2 55. f5 a3 56. f6 Be8 57. f7 Bxf7 58. Bxf7 a2 59. Bxa2
1/2-1/2

[Event "Titled Tuesday 2021.11.30"]
[Site "chess.com INT"]
[Date "2021.11.30"]
[Round "2"]
[White "Thavandiran, Shiyam"]
[Black "Bayo Milagro, Alvaro"]
[Result "1-0"]
[WhiteElo "2420"]
[BlackElo "2233"]
[PlyCount "135"]
[EventDate "2021.11.30"]
[EventType "swiss (blitz)"]
[EventRounds "11"]
[EventCountry "NET"]
[Source "Mark Crowther"]
[SourceDate "2021.12.06"]

1. e4 e5 2. Bc4 Nf6 3. d3 Bc5 4. Nc3 a6 5. a4 d6 6. Bg5 h6 7. Bh4 c6 8. Nge2
Nbd7 9. d4 exd4 10. Nxd4 Ne5 11. Be2 Ng6 12. Bg3 Qb6 13. Nb3 Bb4 14. a5 Qd8 15.
O-O Bxc3 16. bxc3 Nxe4 17. Qd4 Nxg3 18. fxg3 O-O 19. Bh5 Qg5 20. Bf3 d5 21. Nc5
Ne5 22. Rab1 Nxf3+ 23. Rxf3 Bg4 24. Rf4 h5 25. Rxb7 Rae8 26. h4 Qg6 27. Rf2 Bc8
28. Rb6 Qxg3 29. Rb1 Re3 30. Nd3 Rfe8 31. Rbf1 R3e4 32. Qa7 Be6 33. Nf4 Bf5 34.
Nxd5 Rxh4 35. Qc7 Qxc7 36. Nxc7 Re7 37. Nxa6 Be6 38. Nb4 Ra7 39. Nxc6 Ra6 40.
Ne7+ Kf8 41. Nf5 Bxf5 42. Rxf5 f6 43. Rb5 Ra4 44. Rff5 h4 45. Rh5 Kf7 46. Rhc5
Ra2 47. Kh2 Rxc2 48. Rb6 Ra7 49. a6 Ra2 50. Rb7+ Rxb7 51. axb7 Rb2 52. Rc7+ Kg6
53. c4 Kh6 54. c5 g5 55. c6 g4 56. Rf7 Rb1 57. Rxf6+ Kg5 58. Rf3 gxf3 59. gxf3
Rb2+ 60. Kh3 Rb1 61. c7 Rxb7 62. c8=Q Rg7 63. Qg4+ Kf6 64. Qxh4+ Kg6 65. Qe4+
Kf6 66. f4 Rg6 67. Qe5+ Kf7 68. f5 1-0

[Event "Titled Tuesday 2021.11.30"]
[Site "chess.com INT"]
[Date "2021.11.30"]
[Round "3"]
[White "Goncharov, Vladimir"]
[Black "Thavandiran, Shiyam"]
[Result "1-0"]
[WhiteElo "2077"]
[BlackElo "2420"]
[PlyCount "71"]
[EventDate "2021.11.30"]
[EventType "swiss (blitz)"]
[EventRounds "11"]
[EventCountry "NET"]
[Source "Mark Crowther"]
[SourceDate "2021.12.06"]

1. e4 c6 2. d4 d5 3. Nc3 dxe4 4. Nxe4 Nf6 5. Nxf6+ exf6 6. c3 Bd6 7. Bd3 O-O 8.
Ne2 Nd7 9. Qc2 g6 10. Bh6 Re8 11. O-O-O b5 12. h4 Nf8 13. h5 Be6 14. Kb1 a5 15.
Nf4 Bxf4 16. Bxf4 Qd5 17. b3 a4 18. b4 f5 19. f3 Nd7 20. Rde1 Nb6 21. Re5 Qd7
22. hxg6 fxg6 23. Rhe1 Nd5 24. Bd2 Bf7 25. Qd1 Rxe5 26. Rxe5 Re8 27. Qe1 Re6
28. Rxe6 Bxe6 29. Qe5 Bf7 30. Bh6 Be6 31. Kc2 a3 32. Qb8+ Qc8 33. Qa7 Qc7 34.
Qxa3 Qh2 35. Qa8+ Kf7 36. Qf8# 1-0

[Event "Titled Tuesday 2021.11.30"]
[Site "chess.com INT"]
[Date "2021.11.30"]
[Round "4"]
[White "Pershina, E."]
[Black "Thavandiran, Shiyam"]
[Result "0-1"]
[WhiteElo "2114"]
[BlackElo "2420"]
[PlyCount "94"]
[EventDate "2021.11.30"]
[EventType "swiss (blitz)"]
[EventRounds "11"]
[EventCountry "NET"]
[Source "Mark Crowther"]
[SourceDate "2021.12.06"]

1. e4 c6 2. d4 d5 3. exd5 cxd5 4. Bd3 Nc6 5. c3 Nf6 6. h3 e5 7. dxe5 Nxe5 8.
Bb5+ Bd7 9. Qa4 Bc5 10. Bxd7+ Nfxd7 11. Qc2 Qf6 12. b4 Bb6 13. Be3 Bxe3 14.
fxe3 Qh4+ 15. Kf1 O-O 16. Nf3 Nxf3 17. gxf3 Rae8 18. Qf2 Qc4+ 19. Kg2 Ne5 20.
Nd2 Qxc3 21. Rhc1 Qxb4 22. Rab1 Qe7 23. Rb3 h6 24. f4 Ng6 25. Nf3 Rc8 26. Rg1
Rc7 27. f5 Ne5 28. Nd4 Qf6 29. Kh2 Rfc8 30. Qg3 b6 31. Rb2 Rc1 32. Rbg2 Rxg1
33. Rxg1 Nd7 34. Kh1 Qe5 35. Qg4 Qe4+ 36. Qxe4 dxe4 37. Nb5 a5 38. Nd6 Rc2 39.
Nxe4 Rxa2 40. f6 g5 41. h4 Ra4 42. Nd6 Rxh4+ 43. Kg2 Nxf6 44. Kf3 Rh3+ 45. Ke2
Nd5 46. Nf5 Kh7 47. Rb1 Nc3+ 0-1

[Event "Titled Tuesday 2021.11.30"]
[Site "chess.com INT"]
[Date "2021.11.30"]
[Round "5"]
[White "Thavandiran, Shiyam"]
[Black "Ozates, Tuna"]
[Result "1-0"]
[WhiteElo "2420"]
[BlackElo "2217"]
[PlyCount "93"]
[EventDate "2021.11.30"]
[EventType "swiss (blitz)"]
[EventRounds "11"]
[EventCountry "NET"]
[Source "Mark Crowther"]
[SourceDate "2021.12.06"]

1. e4 e5 2. Bc4 Nf6 3. d3 Bc5 4. Nc3 d6 5. Bg5 h6 6. Bh4 c6 7. Nge2 b5 8. Bb3
a5 9. a4 b4 10. Nb1 g5 11. Bg3 h5 12. h4 g4 13. Nd2 Ba6 14. Nc4 Bxc4 15. Bxc4
Qb6 16. c3 bxc3 17. bxc3 Nbd7 18. O-O Qa7 19. d4 Bb6 20. Qd3 Ke7 21. Kh1 d5 22.
exd5 e4 23. d6+ Kf8 24. Qe3 Re8 25. Rab1 Kg7 26. Qg5+ Kf8 27. Nf4 Bd8 28. Qf5
Rh7 29. Rb2 Rh8 30. Rfb1 Qa8 31. Rb7 Qc8 32. Ne2 Rh7 33. Bf4 Rh8 34. Ng3 Rh7
35. Nf1 Rh8 36. Ne3 Rh7 37. Bg5 Rg7 38. Bh6 Kg8 39. Bxg7 Kxg7 40. Qg5+ Kh8 41.
Nf5 Rg8 42. Qh6+ Nh7 43. Bxf7 Bf6 44. Bxg8 Kxg8 45. Qg6+ Kh8 46. Qf7 Qf8 47.
Rxd7 1-0

[Event "Titled Tuesday 2021.11.30"]
[Site "chess.com INT"]
[Date "2021.11.30"]
[Round "6"]
[White "Goryachkina, A."]
[Black "Thavandiran, Shiyam"]
[Result "1/2-1/2"]
[WhiteElo "2604"]
[BlackElo "2420"]
[PlyCount "52"]
[EventDate "2021.11.30"]
[EventType "swiss (blitz)"]
[EventRounds "11"]
[EventCountry "NET"]
[Source "Mark Crowther"]
[SourceDate "2021.12.06"]

1. e4 c6 2. d4 d5 3. Nd2 dxe4 4. Nxe4 Nf6 5. Nxf6+ exf6 6. c3 Bd6 7. Bd3 O-O 8.
Qc2 Re8+ 9. Ne2 h5 10. Be3 Nd7 11. O-O-O b5 12. g4 h4 13. Bh7+ Kf8 14. Be4 Qc7
15. g5 fxg5 16. Bxg5 h3 17. Ng3 Nb6 18. Kb1 Nd5 19. Rhe1 Bg4 20. Bxd5 cxd5 21.
Qh7 f6 22. Bxf6 gxf6 23. Qh8+ Kf7 24. Qh7+ Kf8 25. Qh8+ Kf7 26. Qh7+ Kf8
1/2-1/2

[Event "Titled Tuesday 2021.11.30"]
[Site "chess.com INT"]
[Date "2021.11.30"]
[Round "7"]
[White "Petesch, Gabriel"]
[Black "Thavandiran, Shiyam"]
[Result "0-1"]
[WhiteElo "2330"]
[BlackElo "2420"]
[PlyCount "76"]
[EventDate "2021.11.30"]
[EventType "swiss (blitz)"]
[EventRounds "11"]
[EventCountry "NET"]
[Source "Mark Crowther"]
[SourceDate "2021.12.06"]

1. Nf3 Nf6 2. Nc3 d5 3. d4 g6 4. Bf4 Bg7 5. e3 c6 6. h3 Nbd7 7. Be2 O-O 8. O-O
b5 9. Ne5 Bb7 10. a4 b4 11. Na2 a5 12. c3 Qb6 13. Nxd7 Nxd7 14. cxb4 axb4 15.
Qb3 c5 16. Bb5 Bc6 17. dxc5 Nxc5 18. Qxb4 Bxb5 19. axb5 Ra4 20. Qd2 Rfa8 21.
Qxd5 e6 22. Qc6 Qxc6 23. bxc6 e5 24. Bg3 Nb3 25. Rad1 Rxa2 26. c7 Bf6 27. Bxe5
Bxe5 28. Rd8+ Kg7 29. c8=Q Rxc8 30. Rxc8 Rxb2 31. Rc6 Nd2 32. Rd1 Ne4 33. Rf1
Bf6 34. Ra6 Bh4 35. g3 Bf6 36. Kg2 h5 37. h4 Be5 38. Ra4 Nxg3 0-1

[Event "Titled Tuesday 2021.11.23"]
[Site "chess.com INT"]
[Date "2021.11.23"]
[Round "1"]
[White "Thavandiran, Shiyam"]
[Black "Havanecz, B."]
[Result "1-0"]
[WhiteElo "2420"]
[BlackElo "2224"]
[PlyCount "81"]
[EventDate "2021.11.23"]
[EventType "swiss (blitz)"]
[EventRounds "11"]
[EventCountry "NET"]
[Source "Mark Crowther"]
[SourceDate "2021.11.29"]

1. e4 c6 2. d4 d5 3. Nd2 dxe4 4. Nxe4 Nf6 5. Nxf6+ exf6 6. c3 Bd6 7. Bd3 O-O 8.
Qc2 Re8+ 9. Ne2 h5 10. O-O Nd7 11. Ng3 Bxg3 12. fxg3 Nf8 13. Bf4 Be6 14. Qe2
Bc4 15. Qd1 Bxd3 16. Qxd3 Qd5 17. c4 Qd7 18. Rad1 Rad8 19. Qf3 Qe6 20. d5 cxd5
21. cxd5 Qb6+ 22. Kh1 Qxb2 23. Qxh5 Qxa2 24. Rd2 Qc4 25. Rfd1 Ng6 26. Qf3 Nxf4
27. gxf4 Rd6 28. h4 Red8 29. h5 a5 30. Rd4 Qc2 31. R1d3 b5 32. h6 g6 33. Rc3
Qb1+ 34. Rd1 Qf5 35. Rc5 Kh7 36. Rxb5 a4 37. Rb7 R8d7 38. Rb8 Kxh6 39. g4 Qc2
40. Qh3+ Kg7 41. Qh8# 1-0

[Event "Titled Tuesday 2021.11.23"]
[Site "chess.com INT"]
[Date "2021.11.23"]
[Round "2"]
[White "Schrik, R."]
[Black "Thavandiran, Shiyam"]
[Result "0-1"]
[WhiteElo "2201"]
[BlackElo "2420"]
[PlyCount "86"]
[EventDate "2021.11.23"]
[EventType "swiss (blitz)"]
[EventRounds "11"]
[EventCountry "NET"]
[Source "Mark Crowther"]
[SourceDate "2021.11.29"]

1. d4 Nf6 2. c4 e6 3. Nc3 Bb4 4. a3 Bxc3+ 5. bxc3 O-O 6. f3 d5 7. Bg5 h6 8. Bh4
Nbd7 9. e3 c5 10. Bd3 Qa5 11. Ne2 cxd4 12. exd4 dxc4 13. Bxc4 Nd5 14. Bf2 N7b6
15. Bd3 Bd7 16. O-O Nxc3 17. Nxc3 Qxc3 18. Qe2 Bc6 19. Rac1 Qxa3 20. Rxc6 bxc6
21. Qe4 g6 22. Be3 Nd5 23. Bxh6 Rfb8 24. Qe5 f6 25. Qxe6+ Kh8 26. Bxg6 Qe7 27.
Qh3 Kg8 28. Be4 Rb2 29. Qg4+ Kh8 30. Qf5 Rg8 31. g4 Nc3 32. Bd3 Ne2+ 33. Kh1
Nxd4 34. Qf4 Ne6 35. Qe4 Qf7 36. Be3 Ng5 37. Qf5 Qh7 38. Qxh7+ Nxh7 39. Bd4 Rd2
40. Bxh7 Kxh7 41. Bxf6 Re8 42. g5 Ree2 43. Be5 Rxe5 0-1

[Event "Titled Tuesday 2021.11.23"]
[Site "chess.com INT"]
[Date "2021.11.23"]
[Round "3"]
[White "Thavandiran, Shiyam"]
[Black "Abdrlauf, Elham"]
[Result "1-0"]
[WhiteElo "2420"]
[BlackElo "2338"]
[PlyCount "71"]
[EventDate "2021.11.23"]
[EventType "swiss (blitz)"]
[EventRounds "11"]
[EventCountry "NET"]
[Source "Mark Crowther"]
[SourceDate "2021.11.29"]

1. e4 c6 2. d4 d5 3. Nd2 dxe4 4. Nxe4 Nf6 5. Nxf6+ exf6 6. c3 Bd6 7. Bd3 O-O 8.
Qc2 Re8+ 9. Ne2 h5 10. O-O h4 11. Nf4 Nd7 12. Qd1 Bxf4 13. Bxf4 g6 14. h3 Kg7
15. a4 Nb6 16. a5 Nd5 17. Bh2 Be6 18. Re1 Qd7 19. Qf3 Bf5 20. Bxf5 Qxf5 21.
Qxf5 gxf5 22. Bd6 Re6 23. Rxe6 fxe6 24. c4 Rd8 25. Bc5 b6 26. axb6 axb6 27.
cxd5 bxc5 28. dxc6 cxd4 29. b4 d3 30. Kf1 Rd4 31. b5 Rc4 32. Ke1 Rc2 33. Ra3
Re2+ 34. Kd1 Re5 35. Rc3 Rc5 36. Rxc5 1-0

[Event "Titled Tuesday 2021.11.23"]
[Site "chess.com INT"]
[Date "2021.11.23"]
[Round "5"]
[White "Bluebaum, Matthias"]
[Black "Thavandiran, Shiyam"]
[Result "1-0"]
[WhiteElo "2647"]
[BlackElo "2420"]
[PlyCount "103"]
[EventDate "2021.11.23"]
[EventType "swiss (blitz)"]
[EventRounds "11"]
[EventCountry "NET"]
[Source "Mark Crowther"]
[SourceDate "2021.11.29"]

1. d4 e6 2. c4 Bb4+ 3. Bd2 a5 4. Nc3 Nc6 5. Nf3 d6 6. a3 Bxc3 7. Bxc3 Nf6 8. d5
Nb8 9. dxe6 Bxe6 10. e3 Nc6 11. b3 O-O 12. Be2 Ne4 13. Bb2 f5 14. O-O Qe7 15.
Nd4 Bd7 16. Bd3 Ne5 17. Bc2 Ng4 18. Qe2 Qe5 19. g3 c5 20. f4 Qe7 21. Nf3 Bc6
22. a4 Rae8 23. Rae1 Qf7 24. Nh4 Re6 25. Rf3 Rfe8 26. h3 Nh6 27. Kh2 Qh5 28.
Bd1 Qf7 29. Rff1 Nf6 30. Qd3 Ne4 31. Bf3 Kh8 32. Bg2 Ng8 33. Nf3 Ne7 34. g4
fxg4 35. hxg4 Rh6+ 36. Kg1 Ng3 37. Ng5 Qg8 38. Rf2 Ng6 39. Bxc6 bxc6 40. Kg2
Ne4 41. Nxe4 Qe6 42. f5 Qe7 43. f6 Qe6 44. fxg7+ Kg8 45. Nf6+ Kf7 46. Nxe8+
Kxe8 47. g8=Q+ Qxg8 48. Qe4+ Kd7 49. Qf5+ Kc7 50. Qf7+ Qxf7 51. Rxf7+ Kb6 52.
Kg3 1-0

[Event "Titled Tuesday 2021.11.23"]
[Site "chess.com INT"]
[Date "2021.11.23"]
[Round "6"]
[White "Thavandiran, Shiyam"]
[Black "Shubenkova, Veronika"]
[Result "1-0"]
[WhiteElo "2420"]
[BlackElo "1762"]
[PlyCount "91"]
[EventDate "2021.11.23"]
[EventType "swiss (blitz)"]
[EventRounds "11"]
[EventCountry "NET"]
[Source "Mark Crowther"]
[SourceDate "2021.11.29"]

1. e4 c5 2. Nf3 e6 3. d4 cxd4 4. Nxd4 Nc6 5. Nc3 a6 6. Nxc6 bxc6 7. Bd3 d5 8.
O-O Nf6 9. Qe2 Be7 10. b3 O-O 11. Bb2 c5 12. Rad1 Bb7 13. Rfe1 d4 14. Nb1 e5
15. Nd2 Qc7 16. Nf3 Nh5 17. g3 Nf6 18. Nh4 Bc8 19. Bc1 Bg4 20. f3 Be6 21. Bg5
h6 22. Bd2 a5 23. Rf1 a4 24. Rde1 axb3 25. axb3 Ra2 26. f4 Bg4 27. Qg2 Bd6 28.
h3 Bd7 29. Nf3 Re8 30. fxe5 Bxe5 31. Nxe5 Qxe5 32. Bf4 Qe6 33. g4 Bc6 34. Re2
Nh7 35. Qf2 Ng5 36. Bxg5 hxg5 37. e5 Bd5 38. Kh2 g6 39. Qg3 c4 40. Rf6 Qxf6 41.
exf6 Rxe2+ 42. Bxe2 Rxc2 43. Qb8+ Kh7 44. Qf8 Rxe2+ 45. Kg1 Rg2+ 46. Kf1 1-0

[Event "Titled Tuesday 2021.11.23"]
[Site "chess.com INT"]
[Date "2021.11.23"]
[Round "7"]
[White "Ljukin, S."]
[Black "Thavandiran, Shiyam"]
[Result "0-1"]
[WhiteElo "2362"]
[BlackElo "2420"]
[PlyCount "46"]
[EventDate "2021.11.23"]
[EventType "swiss (blitz)"]
[EventRounds "11"]
[EventCountry "NET"]
[Source "Mark Crowther"]
[SourceDate "2021.11.29"]

1. e4 c6 2. d4 d5 3. e5 Bf5 4. Nd2 e6 5. Nb3 Ne7 6. Nf3 h6 7. Be2 Nd7 8. O-O
Qc7 9. a4 a5 10. Bd2 g5 11. h3 Bg7 12. Nh2 c5 13. dxc5 Bxe5 14. Nf3 Bxb2 15.
Bb5 Nc6 16. Rb1 Bg7 17. Qe1 O-O 18. g4 Bxc2 19. h4 Nde5 20. Qe2 Bxb3 21. hxg5
Nxf3+ 22. Qxf3 Nd4 23. Qd3 Bc2 0-1

[Event "Titled Tuesday 2021.11.23"]
[Site "chess.com INT"]
[Date "2021.11.23"]
[Round "8"]
[White "Sorokin, Aleksey"]
[Black "Thavandiran, Shiyam"]
[Result "0-1"]
[WhiteElo "2536"]
[BlackElo "2420"]
[PlyCount "102"]
[EventDate "2021.11.23"]
[EventType "swiss (blitz)"]
[EventRounds "11"]
[EventCountry "NET"]
[Source "Mark Crowther"]
[SourceDate "2021.11.29"]

1. e4 c6 2. d4 d5 3. e5 Bf5 4. Nf3 e6 5. Be2 Ne7 6. c3 h6 7. O-O Nd7 8. a4 a5
9. Na3 g5 10. Nc2 Bg7 11. Ne3 Bh7 12. b3 O-O 13. Ba3 Re8 14. Bd3 Bxd3 15. Qxd3
Ng6 16. g3 c5 17. Qb5 Rc8 18. Rac1 Rc6 19. Qe2 Qc7 20. Kg2 Rc8 21. h4 gxh4 22.
Nxh4 Nxh4+ 23. gxh4 cxd4 24. cxd4 Rxc1 25. Rxc1 Qd8 26. Rh1 Rc3 27. Qg4 Rxb3
28. Bc1 Kh8 29. Rh3 Rb4 30. Rg3 Bxe5 31. Qh5 Bxg3 32. Ng4 Qxh4 33. Qxf7 Qxg4
34. fxg3 Qe4+ 35. Kh2 Qc2+ 36. Bd2 Qxd2+ 37. Kh3 Qxd4 38. Qe8+ Kh7 39. Qxd7+
Qg7 40. Qxe6 Qg4+ 41. Qxg4 Rxg4 42. Kxg4 Kg6 43. Kf4 Kf6 44. g4 Ke6 45. Ke3 Ke5
46. Kd2 d4 47. Kd3 Kd5 48. Kd2 Kc4 49. Kc2 d3+ 50. Kd2 Kd4 51. g5 hxg5 0-1

[Event "Titled Tuesday 2021.11.23"]
[Site "chess.com INT"]
[Date "2021.11.23"]
[Round "9"]
[White "Thavandiran, Shiyam"]
[Black "Durarbayli, V."]
[Result "1-0"]
[WhiteElo "2420"]
[BlackElo "2629"]
[PlyCount "67"]
[EventDate "2021.11.23"]
[EventType "swiss (blitz)"]
[EventRounds "11"]
[EventCountry "NET"]
[Source "Mark Crowther"]
[SourceDate "2021.11.29"]

1. e4 c5 2. Nf3 d6 3. d4 cxd4 4. Nxd4 Nf6 5. Nc3 Nc6 6. Bg5 Qb6 7. Be3 Ng4 8.
Nd5 Nxe3 9. Nxb6 Nxd1 10. Nxa8 Nxf2 11. Kxf2 Nxd4 12. c3 Ne6 13. Bc4 Kd8 14. a4
Bd7 15. a5 Nc5 16. Rhe1 Bc6 17. b4 Nxe4+ 18. Kg1 Nxc3 19. Rac1 Nb5 20. Bxf7 g6
21. Bc4 Nd4 22. b5 Bxb5 23. Nc7 Bxc4 24. Rxc4 Bg7 25. Nd5 e6 26. Rc7 Be5 27.
Rxb7 Kc8 28. Rc7+ Kb8 29. Rb1+ Ka8 30. Rbb7 exd5 31. Rxa7+ Kb8 32. Rcb7+ Kc8
33. a6 Nc6 34. Ra8+ 1-0

[Event "Titled Tuesday 2021.11.23"]
[Site "chess.com INT"]
[Date "2021.11.23"]
[Round "10"]
[White "Sadhwani, Raunak"]
[Black "Thavandiran, Shiyam"]
[Result "1-0"]
[WhiteElo "2609"]
[BlackElo "2420"]
[PlyCount "67"]
[EventDate "2021.11.23"]
[EventType "swiss (blitz)"]
[EventRounds "11"]
[EventCountry "NET"]
[Source "Mark Crowther"]
[SourceDate "2021.11.29"]

1. d4 Nf6 2. Nf3 e6 3. Bf4 b6 4. e3 Bb7 5. Bd3 d6 6. h3 g6 7. Bh2 Bg7 8. a4 a6
9. O-O Nbd7 10. a5 b5 11. c4 bxc4 12. Bxc4 O-O 13. Nc3 Re8 14. b4 Qb8 15. Qe2
Bxf3 16. gxf3 Qxb4 17. Rfc1 Qb7 18. Rab1 Qa7 19. Bd3 c5 20. Na4 cxd4 21. Nb6
Nxb6 22. axb6 Qb7 23. e4 e5 24. Rc7 Qb8 25. Qc2 Qd8 26. b7 Rb8 27. Bxa6 Nd7 28.
Rc8 Qg5+ 29. Bg3 h5 30. h4 Qe7 31. Qc7 Kh7 32. Bb5 Nc5 33. Qxe7 Rxe7 34. Rxb8
1-0

[Event "Titled Tuesday 2021.11.23"]
[Site "chess.com INT"]
[Date "2021.11.23"]
[Round "11"]
[White "Jumabayev, R."]
[Black "Thavandiran, Shiyam"]
[Result "0-1"]
[WhiteElo "2658"]
[BlackElo "2420"]
[PlyCount "142"]
[EventDate "2021.11.23"]
[EventType "swiss (blitz)"]
[EventRounds "11"]
[EventCountry "NET"]
[Source "Mark Crowther"]
[SourceDate "2021.11.29"]

1. d4 Nf6 2. c4 e6 3. g3 c5 4. Bg2 cxd4 5. Qxd4 Nc6 6. Qd1 d5 7. cxd5 Nxd5 8.
Nf3 Be7 9. O-O O-O 10. Nbd2 b6 11. Ne4 Bb7 12. Bd2 Rc8 13. Rc1 h6 14. Qa4 a6
15. Qb3 b5 16. Nc5 Ba8 17. e4 Nf6 18. Qe3 Ng4 19. Qf4 h5 20. h3 e5 21. Qf5 g6
22. Qd7 Bxc5 23. Qxd8 Rfxd8 24. Rxc5 Nf6 25. Be3 Nxe4 26. Rc2 Nd4 27. Nxd4 exd4
28. Rxc8 Rxc8 29. Bxd4 Nd2 30. Bxa8 Nxf1 31. Kg2 Nd2 32. Bb7 Rd8 33. Bc3 Nc4
34. Bxa6 Rb8 35. a4 b4 36. Bd4 Rd8 37. Bc5 Nxb2 38. Bxb4 Nxa4 39. Be7 Re8 40.
Bg5 Nb6 41. Bd3 Re5 42. Bf4 Rd5 43. Bf1 Rd8 44. h4 Nd5 45. Bg5 Rc8 46. Bd3 Nb4
47. Be4 Nc6 48. Bf3 Nd8 49. Be2 Ne6 50. Be3 Rc2 51. Bd3 Rc3 52. Be4 Rc4 53. Bd5
Rc3 54. Be4 Rc4 55. Bd5 Ra4 56. Bc6 Ra6 57. Bb5 Ra5 58. Bc4 Kg7 59. Bb3 Ra3 60.
Bc4 Kf6 61. Bd5 Ke5 62. Bc4 f5 63. Bh6 f4 64. Kh2 fxg3+ 65. fxg3 Nd4 66. Kg2
Nf5 67. Bf4+ Ke4 68. Bf7 Nxh4+ 69. gxh4 Kxf4 70. Bxg6 Rg3+ 71. Kh2 Rxg6 0-1

[Event "Titled Tuesday 2021.01.26"]
[Site "chess.com INT"]
[Date "2021.01.26"]
[Round "1"]
[White "Thavandiran, Shiyam"]
[Black "Gutkovich, Polina"]
[Result "1-0"]
[WhiteElo "2420"]
[BlackElo "2061"]
[PlyCount "77"]
[EventDate "2021.01.26"]
[EventType "team (blitz)"]
[EventRounds "11"]
[EventCountry "NET"]
[Source "Mark Crowther"]
[SourceDate "2021.02.01"]

1. e4 Nc6 2. Nc3 d6 3. d4 Nf6 4. Nf3 Bg4 5. d5 Nb8 6. h3 Bxf3 7. Qxf3 g6 8. Be3
Bg7 9. O-O-O c6 10. Kb1 Nbd7 11. Qe2 Qa5 12. g4 Rc8 13. Bg2 O-O 14. h4 cxd5 15.
Nxd5 Nxd5 16. Rxd5 Qb4 17. Rb5 Qa4 18. Rxb7 Rb8 19. Rxb8 Rxb8 20. b3 Qa3 21.
Bc1 Qa5 22. Rh3 Qe5 23. c3 a5 24. f4 Qc5 25. Qe3 Qc7 26. Bf1 a4 27. b4 Nb6 28.
Qd3 a3 29. Bd2 Na4 30. Qc4 Qd7 31. Qb3 Rc8 32. Be2 Nb6 33. Qxa3 h5 34. Qa6 Rb8
35. Rg3 hxg4 36. Bxg4 Qc6 37. Bf3 Ra8 38. Qd3 Qa4 39. Qc2 1-0

[Event "Titled Tuesday 2021.01.26"]
[Site "chess.com INT"]
[Date "2021.01.26"]
[Round "2"]
[White "Thavandiran, Shiyam"]
[Black "Xiong, Jeffery"]
[Result "1/2-1/2"]
[WhiteElo "2420"]
[BlackElo "2709"]
[PlyCount "175"]
[EventDate "2021.01.26"]
[EventType "team (blitz)"]
[EventRounds "11"]
[EventCountry "NET"]
[Source "Mark Crowther"]
[SourceDate "2021.02.01"]

1. e4 c5 2. Nf3 d6 3. d4 cxd4 4. Nxd4 Nf6 5. Nc3 a6 6. a4 g6 7. Be2 Bg7 8. Be3
O-O 9. O-O Nc6 10. Qd2 Nxd4 11. Bxd4 Be6 12. a5 Rc8 13. f3 Nd7 14. Bxg7 Kxg7
15. Nd5 Bxd5 16. exd5 b5 17. c4 bxc4 18. Qd4+ Kg8 19. Bxc4 Rb8 20. Bxa6 Nc5 21.
Bc4 Rb4 22. Qc3 Qb8 23. Rfb1 Na4 24. Qc2 Nxb2 25. Ba6 Qa7+ 26. Kh1 Rfb8 27. Bf1
Qd4 28. a6 Kg7 29. a7 Ra8 30. Ra2 Rxa7 31. Raxb2 Rxb2 32. Qxb2 Qxb2 33. Rxb2
Ra1 34. Kg1 Rd1 35. Rb5 Kf6 36. Kf2 Ke5 37. Bc4 Rd2+ 38. Kg3 g5 39. Rb7 Kf6 40.
h3 h5 41. Bb3 Rb2 42. Rb5 Ke5 43. Bc4 h4+ 44. Kh2 Rc2 45. Bd3 Rd2 46. Bc4 Rc2
47. Bb3 Rb2 48. Kg1 Kf4 49. Rb4+ Ke5 50. Re4+ Kf6 51. Bc4 Rd2 52. Kf1 Rc2 53.
Bd3 Rd2 54. Re3 Rb2 55. Be4 Rd2 56. Re2 Rd1+ 57. Kf2 Ra1 58. Ke3 Ke5 59. Rc2
Ra3+ 60. Ke2 f5 61. Bd3 Kf4 62. Rc4+ Ke5 63. Rb4 Ra5 64. Rb7 Kf6 65. Bc4 Ra4
66. Bb3 Ra1 67. Kf2 Rb1 68. Ke2 Rb2+ 69. Kf1 Rd2 70. Bc4 Rc2 71. Bd3 Rd2 72.
Rb3 Ke5 73. Be2 Rxd5 74. Re3+ Kf6 75. Bc4 Re5 76. Ke2 Rxe3+ 77. Kxe3 Ke5 78.
Bd3 e6 79. f4+ gxf4+ 80. Kf3 d5 81. Bb1 d4 82. Bc2 Kf6 83. Kxf4 e5+ 84. Kf3 Kg5
85. Bb1 Kf6 86. Bc2 Ke6 87. Bb3+ Kf6 88. Bc2 1/2-1/2

[Event "Titled Tuesday 2021.01.26"]
[Site "chess.com INT"]
[Date "2021.01.26"]
[Round "3"]
[White "Le Quang Liem"]
[Black "Thavandiran, Shiyam"]
[Result "1-0"]
[WhiteElo "2709"]
[BlackElo "2420"]
[PlyCount "45"]
[EventDate "2021.01.26"]
[EventType "team (blitz)"]
[EventRounds "11"]
[EventCountry "NET"]
[Source "Mark Crowther"]
[SourceDate "2021.02.01"]

1. Nf3 Nf6 2. c4 c5 3. Nc3 e6 4. g3 a6 5. Bg2 d6 6. O-O Qc7 7. b3 Be7 8. Bb2 b6
9. d4 cxd4 10. Nxd4 Bb7 11. e4 Nbd7 12. Rc1 Rc8 13. Qe2 O-O 14. f4 Rfe8 15. g4
h6 16. g5 hxg5 17. fxg5 Qc5 18. gxf6 Qxd4+ 19. Kh1 Nxf6 20. Na4 Qxe4 21. Bxe4
Nxe4 22. Kg1 Ng5 23. h4 1-0

[Event "Titled Tuesday 2021.01.26"]
[Site "chess.com INT"]
[Date "2021.01.26"]
[Round "4"]
[White "Ogloblin, N."]
[Black "Thavandiran, Shiyam"]
[Result "0-1"]
[WhiteElo "2346"]
[BlackElo "2420"]
[PlyCount "146"]
[EventDate "2021.01.26"]
[EventType "team (blitz)"]
[EventRounds "11"]
[EventCountry "NET"]
[Source "Mark Crowther"]
[SourceDate "2021.02.01"]

1. d4 e6 2. Nf3 Nf6 3. c4 Bb4+ 4. Nbd2 d5 5. Qc2 O-O 6. g3 c5 7. dxc5 Bxc5 8.
Bg2 Qe7 9. O-O Nc6 10. a3 a5 11. cxd5 exd5 12. Nb3 Bb6 13. Rd1 Ne4 14. Nbd4 Bg4
15. Be3 Rfc8 16. Nxc6 Rxc6 17. Qb3 a4 18. Qd3 Rd8 19. Bxb6 Rxb6 20. Qd4 Qf6 21.
Qxf6 Nxf6 22. Rd2 Ne4 23. Rc2 Bf5 24. Nd4 Bg6 25. e3 Nxg3 26. hxg3 Bxc2 27.
Nxc2 Rxb2 28. Nb4 Kf8 29. Nxd5 Rc8 30. Nb4 b6 31. Nd3 Rb3 32. Ne5 Rcc3 33. Rd1
Rxa3 34. Rd7 f6 35. Nc6 Ra1+ 36. Kh2 Rac1 37. Nd4 a3 38. Ra7 Rd1 39. Bd5 Rd2
40. Kg2 Rc5 41. Ne6+ Ke8 42. Nxc5 Rxd5 43. Ne6 Ra5 44. Rxa5 bxa5 45. Nd4 a2 46.
Nc2 Kd7 47. Kf3 Ke6 48. Ke4 h5 49. f4 g5 50. Na1 h4 51. gxh4 gxh4 52. Kf3 f5
53. Kg2 Kd5 54. Kh3 Ke4 55. Kxh4 Kxe3 56. Kg5 Ke4 57. Nb3 a4 58. Na1 Kd3 59.
Kxf5 Kc3 60. Ke6 Kb2 61. f5 Kxa1 62. f6 Kb1 63. f7 a1=Q 64. f8=Q Qa2+ 65. Ke5
Qb2+ 66. Kd5 a3 67. Qf1+ Ka2 68. Kc6 Qc2+ 69. Kd7 Kb2 70. Qf6+ Qc3 71. Qb6+ Kc2
72. Qa6 Qd3+ 73. Qxd3+ Kxd3 0-1